| 000 | 01025nam a22002777a 4500 | ||
|---|---|---|---|
| 001 | 7041 | ||
| 003 | FISKH | ||
| 005 | 20250818160727.0 | ||
| 008 | 250619b cb ||||| |||| 00| 0 eng d | ||
| 020 | _a9781848174702 | ||
| 040 |
_aFISKH _beng _cFISKH _dFISKH |
||
| 050 | _aPZ7 | ||
| 082 | _a612 | ||
| 100 | _aNeale, Kirsty | ||
| 245 |
_aHuman body : _bMini explorers / _cWritten by : Kirsty Neale ; Illustrated by : Rogers Stewart |
||
| 260 |
_aSywell : _bIgloo Book, _c2009. |
||
| 300 |
_a23 pages : _bcolor illustrations ; _c18 cm |
||
| 505 | _aG | ||
| 520 | _aHuman Body: Fact and Sticker Fun is an engaging and interactive nonfiction activity book designed for young readers (ages 5–7). It introduces children to the amazing systems and parts of the human body in a fun, hands-on way. | ||
| 521 | 8 |
_a340
_bLexile |
|
| 521 | 8 |
_aG
_bRaz-Plus |
|
| 650 |
_aHuman Body _vAnatomy & Physiology _xInteractive Kit |
||
| 700 |
_aStewart, Rogers _eillustrator |
||
| 942 |
_2ddc _cBK _n0 |
||
| 999 |
_c7041 _d7041 |
||